Города Тюменской области - Statistics

General Stats
  • This quiz has been taken 42 times
  • The average score is 4 of 5
Answer Stats
Население Город % Correct
861 098 Тюмень
100%
100 352 Тобольск
88%
67 614 Ишим
81%
38 853 Ялуторовск
66%
27 100 Заводоуковск
63%
No matching quizzes found
Score Distribution
Percent of People with Each Score
Percentile by Number Answered
Your Score History
You have not taken this quiz